Propuesta de reglamento Técnico organizativo de higiene y seguridad laboral, en la Panadería Neylan, La Trinidad- Estelí
En el presente estudio se pretende crear una propuesta de un reglamento técnico organizativo de higiene y seguridad del trabajo, con esta propuesta su principal objetivo es de reducir los niveles de riesgos laborales, en materia de seguridad e higiene del trabajo para la conservación de un buen e...
| Main Authors: | , , |
|---|---|
| Other Authors: | |
| Format: | Tesis Section = Libro |
| Language: | Undetermined Spanish |
| Published: |
Estelí
UNI/RUACS
2020
|
| Subjects: |
| LEADER | 01528nam a2200289Ia 4500 | ||
|---|---|---|---|
| 008 | 240830s9999 xx 000 0 und d | ||
| 040 | |a BIBLIOTECA-RUPAP Mon 363.11 R672 | ||
| 041 | |a spa | ||
| 082 | |a Mon 363.11 R672 | ||
| 100 | 1 | |a Rocha López Enmanuel Isaac | |
| 100 | 1 | |b Pérez Fajardo, Nuriel Osmar | |
| 100 | 1 | |c Ortuño Rizo, Oscar Leodan | |
| 245 | 1 | 0 | |a Propuesta de reglamento Técnico organizativo de higiene y seguridad laboral, en la Panadería Neylan, La Trinidad- Estelí |
| 260 | |a Estelí |b UNI/RUACS |c 2020 | ||
| 300 | |a 168 p. ;il. | ||
| 500 | |a Contiene: anexos y CD. | ||
| 502 | |a Tesis (Ingeniero Industrial)- UNI, 2020. | ||
| 520 | 3 | |a En el presente estudio se pretende crear una propuesta de un reglamento técnico organizativo de higiene y seguridad del trabajo, con esta propuesta su principal objetivo es de reducir los niveles de riesgos laborales, en materia de seguridad e higiene del trabajo para la conservación de un buen estado físico y emocional de cada uno de los miembros que integran el factor humano de la empresa, esta propuesta beneficiará a la empresa como tal y a cada uno de sus colaboradores creando una política de prevención para evitar accidentes laborales. | |
| 650 | 7 | |a SEGURIDAD OCUPACIONAL | |
| 650 | 7 | |b SEGURIDAD INDUSTRIAL | |
| 650 | 7 | |c RIESGOS LABORALES-PREVENCION | |
| 650 | 7 | |d ENFERMEDADES PROFESIONALES | |
| 650 | 7 | |e ACCIDENTES DE TRABAJO | |
| 700 | 1 | |a Tutor: |b Pineda Rodríguez, Keylin Mayela | |
| 942 | |c BK |2 ddc | ||
| 991 | |a TESIS | ||
| 999 | |c 15494 | ||